000 00365nam a2200145Ia 4500
008 230917s9999||||xx |||||||||||||| ||und||
040 _e83434
_aMAIN
041 _aEnglish
082 _a820.9 R211S
100 _aRayan, Krishna
245 0 _aSahitya: A theory for Indian critical practice
260 _aNew Delhi
_bSterling
_c1991
300 _a91 p.
942 _cBK
999 _c75779
_d75779